000 00458nam a2200181Ia 4500
001 23547
005 20260414150944.0
008 260414t2018||||xx |||||||||||||| ||spa||
041 _aESP
082 _a660.2844
_bF36 2018
100 _aFelder, Richard M.
_eAUT
245 0 _aPrincipios elementales de los procesos químicos
_b
260 _c2018
300 _axx, 704 páginas :
_c26 cm.
650 _aTCA
654 _aCII
942 _cLIB
_dJUS
_fJUS
_2ddc
_n
999 _c23547
_d23547